[Event "Alushta zt (Women)"]
[Site "Alushta"]
[Date "1999.??.??"]
[Round "?"]
[White "Onischuk, Nastja"]
[Black "Kononenko, Tatiana"]
[Result "1/2-1/2"]
[WhiteElo "2096"]
[BlackElo "2295"]
[EventDate "1999.??.??"]
[PlyCount "63"]

1.e4 e6 2.Qe2 c5 3.g3 Nc6 4.Nf3 Nge7 5.Bg2 g6 6.d3 Bg7 7.O-O d6 8.c3 O-O 
9.Nbd2 Rb8 10.Nb3 e5 11.Nh4 b5 12.f4 exf4 13.gxf4 Bf6 14.Nf3 Be6 15.f5 
Bxb3 16.axb3 Bg7 17.Ng5 h6 18.f6 hxg5 19.fxg7 Kxg7 20.Bxg5 f6 21.Bf4 b4 
22.Qe3 g5 23.Qg3 bxc3 24.bxc3 Rxb3 25.Bxd6 Rxc3 26.e5 Kg6 27.Bxc6 Nxc6 28.
Bxf8 Nxe5 29.Qf2 Rxd3 30.Qf5+ Kh5 31.Bxc5 Qd5 32.Qh7+ 1/2-1/2

[Event "Alushta zt (Women)"]
[Site "Alushta"]
[Date "1999.??.??"]
[Round "?"]
[White "Onischuk, Nastja"]
[Black "Matjushina, Zoja"]
[Result "1-0"]
[WhiteElo "2096"]
[BlackElo "2214"]
[EventDate "1999.??.??"]
[PlyCount "65"]

1.e4 c5 2.Nc3 Nc6 3.f4 g6 4.Nf3 Bg7 5.Bc4 e6 6.O-O Nge7 7.Qe1 O-O 8.d3 d5 
9.Bb3 a6 10.a4 Nb4 11.Qf2 b6 12.a5 Bb7 13.e5 Rc8 14.axb6 Qxb6 15.Na4 Qc7 
16.Be3 d4 17.Bd2 Nbd5 18.c3 dxc3 19.bxc3 f6 20.c4 Nb4 21.Nxc5 Qxc5 22.Qxc5
Rxc5 23.Bxb4 Rc7 24.Bd6 Bxf3 25.Bxc7 Be2 26.Rfe1 Bxd3 27.Bd6 Rf7 28.Rxa6 
fxe5 29.Ra8+ Bf8 30.fxe5 Kg7 31.c5 Nd5 32.Ba4 Bf5 33.Be8 1-0

[Event "Poznan Pocztowiec-ch op-A"]
[Site "Poznan"]
[Date "1999.??.??"]
[Round "1"]
[White "Adamski, Michal"]
[Black "Przybylski, Wojciech"]
[Result "0-1"]
[WhiteElo "2110"]
[BlackElo "2090"]
[EventDate "1999.??.??"]
[PlyCount "100"]

1.e4 c5 2.Nf3 d6 3.d4 cxd4 4.Nxd4 Nf6 5.Nc3 a6 6.Bg5 e6 7.f4 Qb6 8.Nb3 
Nbd7 9.Qd2 Be7 10.O-O-O Qc7 11.Be2 b5 12.a3 Bb7 13.Bf3 O-O-O 14.Bxf6 Nxf6 
15.Qe3 h6 16.Kb1 Kb8 17.Rhe1 Rc8 18.f5 Rhd8 19.fxe6 fxe6 20.Nd4 Qc4 21.Be2
Qc5 22.Bd3 e5 23.Nf5 Qxe3 24.Rxe3 Bf8 25.Be2 Rc7 26.Nh4 g5 27.Nf5 Rf7 28.
g4 h5 29.h3 hxg4 30.hxg4 Rh7 31.Bf3 Rh3 32.Kc1 Rd7 33.Bg2 Rh2 34.Rg3 Kc7 
35.Rf1 Rd8 36.Ne3 Be7 37.Rh1 Rdh8 38.Rxh2 Rxh2 39.Kd1 Kd7 40.Ncd5 Bd8 41.
Rf3 Nxd5 42.exd5 Bxd5 43.Nxd5 Rxg2 44.Ne3 Rg1+ 45.Ke2 Ke6 46.Rf8 Bb6 47.
Re8+ Kd7 48.Ra8 Kc6 49.Kf2 Rxg4 50.Rxa6 Rf4+ 0-1

[Event "Poznan Pocztowiec-ch op-A"]
[Site "Poznan"]
[Date "1999.??.??"]
[Round "1"]
[White "Bartkowiak, Damian"]
[Black "Chojnacki, Krzysztof"]
[Result "1/2-1/2"]
[WhiteElo "2000"]
[BlackElo "2155"]
[EventDate "1999.??.??"]
[PlyCount "91"]

1.d4 Nf6 2.c4 g6 3.Nc3 d5 4.cxd5 Nxd5 5.e4 Nxc3 6.bxc3 Bg7 7.Be3 O-O 8.Nf3
c5 9.Rc1 Bg4 10.Be2 cxd4 11.cxd4 Nc6 12.d5 Bxf3 13.Bxf3 Ne5 14.Be2 Qa5+ 
15.Qd2 Qa4 16.Qc2 Qd7 17.Qc7 Rac8 18.Qxd7 Rxc1+ 19.Bxc1 Nxd7 20.Ba3 a6 21.
O-O Re8 22.Rc1 Be5 23.g3 Bd6 24.Bb2 g5 25.Bg4 Nc5 26.e5 Bxe5 27.Bxe5 Nd3 
28.Bb2 Nxb2 29.Rb1 Na4 30.Rxb7 Nc3 31.a3 Nb5 32.Bd7 Ra8 33.a4 Nd6 34.Rc7 
Ne8 35.Rc8 Rxc8 36.Bxc8 Nc7 37.Kf1 Kf8 38.Bb7 Ke8 39.Bc6+ Kd8 40.Ke2 e6 
41.Kd3 Nxd5 42.Bxd5 exd5 43.Kd4 Kd7 44.Kxd5 g4 45.Kc5 Kc7 46.a5 1/2-1/2

[Event "Poznan Pocztowiec-ch op-A"]
[Site "Poznan"]
[Date "1999.??.??"]
[Round "1"]
[White "Kaszowski, Dariusz"]
[Black "Nowak, Rafal"]
[Result "1/2-1/2"]
[WhiteElo "2297"]
[BlackElo "2095"]
[EventDate "1999.??.??"]
[PlyCount "112"]

1.d4 d5 2.c4 c6 3.Nf3 Nf6 4.e3 e6 5.Bd3 Nbd7 6.O-O dxc4 7.Bxc4 b5 8.Bd3 a6
9.a4 Bb7 10.Qe2 Qc7 11.Nbd2 Nd5 12.Nb3 Be7 13.Bd2 b4 14.a5 O-O 15.Rfc1 e5 
16.e4 N5f6 17.d5 Qd6 18.Ra4 cxd5 19.Bxb4 Qb8 20.Bxe7 dxe4 21.Bxf8 exd3 22.
Qxd3 e4 23.Qd6 Qe8 24.Rb4 exf3 25.Rxb7 Nxf8 26.Qe7 Qxe7 27.Rxe7 Rb8 28.Re3
fxg2 29.Kxg2 Ng6 30.Rc6 Nd5 31.Rg3 Ngf4+ 32.Kf1 Rd8 33.Nd4 h5 34.Nf5 Kf8 
35.Nd6 Ke7 36.Nf5+ Kf8 37.Ne3 Nb4 38.Rc4 Nbd3 39.b4 f6 40.Ng2 Ne6 41.Re3 
Kf7 42.Ne1 Ne5 43.Rc1 Ng4 44.Rd3 Rb8 45.Rd7+ Kg6 46.Rd6 Nf4 47.Rb6 Rd8 48.
Rc4 Kf5 49.Rxa6 Rd1 50.Rxf4+ Kxf4 51.b5 Rd2 52.Re6 Rxf2+ 53.Kg1 Rxh2 54.a6
Ra2 55.Re7 Nf2 56.Ng2+ Kf3 1/2-1/2

[Event "Poznan Pocztowiec-ch op-A"]
[Site "Poznan"]
[Date "1999.??.??"]
[Round "1"]
[White "Meczynski, Waldemar"]
[Black "Dzwikowski, Adam"]
[Result "1-0"]
[WhiteElo "2223"]
[BlackElo "2060"]
[EventDate "1999.??.??"]
[PlyCount "97"]

1.e4 Nf6 2.e5 Nd5 3.d4 d6 4.c4 Nb6 5.exd6 cxd6 6.Nc3 g6 7.Bd3 Bg7 8.Be3 
O-O 9.Nge2 Nc6 10.b3 e5 11.d5 Nd4 12.Bxd4 exd4 13.Nb5 Bg4 14.f3 Bd7 15.
Nxd6 f5 16.O-O Rb8 17.c5 Nxd5 18.Bc4 Be6 19.Nxd4 Bxd4+ 20.Qxd4 Nc7 21.
Bxe6+ Nxe6 22.Qc4 Qf6 23.Rfe1 Qd4+ 24.Qxd4 Nxd4 25.Re7 b6 26.Rxa7 bxc5 27.
Re1 Rbd8 28.Nf7 Rde8 29.Nh6+ Kh8 30.Nf7+ Kg8 31.Rxe8 Rxe8 32.Nd6 Re1+ 33.
Kf2 Re2+ 34.Kf1 Rc2 35.f4 Rc1+ 36.Kf2 Rc2+ 37.Kg3 Ne2+ 38.Kh4 h6 39.Nf7 
Nxf4 40.Nxh6+ Kf8 41.Kg5 Nd5 42.Kxg6 Rxg2+ 43.Kxf5 Rxh2 44.Ng4 Re2 45.Ne5 
Nc3 46.a4 Rb2 47.Ke6 Rxb3 48.Nd7+ Kg8 49.Nf6+ 1-0

[Event "Poznan Pocztowiec-ch op-A"]
[Site "Poznan"]
[Date "1999.??.??"]
[Round "1"]
[White "Meczynski, Waldemar"]
[Black "Weglarz, Leszek"]
[Result "1/2-1/2"]
[WhiteElo "2223"]
[BlackElo "2379"]
[EventDate "1999.??.??"]
[PlyCount "83"]

1.e4 e5 2.Nf3 Nf6 3.d4 Nxe4 4.Bd3 d5 5.Nxe5 Nd7 6.Nxd7 Bxd7 7.O-O Bd6 8.c4
c6 9.cxd5 cxd5 10.Qh5 Nf6 11.Re1+ Be7 12.Qe5 Be6 13.Bb5+ Kf8 14.Nc3 Bd6 
15.Qe2 h6 16.h3 g5 17.Bd2 g4 18.h4 g3 19.fxg3 Bxg3 20.Qf3 Bxh4 21.Bf4 Bg5 
22.Be5 Rg8 23.Rf1 Ng4 24.Rae1 Bd2 25.Nxd5 Nxe5 26.Rxe5 Bxd5 27.Rxd5 Be3+ 
28.Kh1 Qh4+ 29.Qh3 Qxh3+ 30.gxh3 Rg5 31.Bc4 Rxd5 32.Bxd5 Rd8 33.Rxf7+ Ke8 
34.Bb3 Rxd4 35.Rxb7 Rd2 36.a4 Bb6 37.a5 Bxa5 38.Rxa7 Bb4 39.Rb7 Bd6 40.Be6
Rc2 41.b4 Rc7 42.Rxc7 1/2-1/2

[Event "Poznan Pocztowiec-ch op-A"]
[Site "Poznan"]
[Date "1999.??.??"]
[Round "1"]
[White "Przybylski, Wojciech"]
[Black "Stypka, Mieczyslaw"]
[Result "0-1"]
[WhiteElo "2091"]
[BlackElo "2249"]
[EventDate "1999.??.??"]
[PlyCount "82"]

1.e4 c5 2.Nf3 d6 3.d4 cxd4 4.Nxd4 Nf6 5.Nc3 a6 6.Be2 e6 7.O-O Be7 8.Be3 
O-O 9.f4 Nc6 10.Qe1 Bd7 11.a4 Qc7 12.Kh1 Rfe8 13.g4 Nxd4 14.Bxd4 Bc6 15.
Bf3 e5 16.fxe5 dxe5 17.Be3 Bb4 18.Bd2 Bxc3 19.Bxc3 Nd7 20.Qf2 Nf8 21.Kg1 
Ne6 22.Bg2 f6 23.Bd2 Qd7 24.b3 Nd4 25.Be3 Qxg4 26.h3 Qg6 27.c3 Ne6 28.Qf5 
Rad8 29.Rad1 Qf7 30.Kh2 Nf8 31.c4 Qe7 32.Qf3 Ng6 33.Rxd8 Rxd8 34.Bb6 Rd2 
35.Qc3 Qd7 36.Bf2 Nf4 37.Qg3 Rd3 38.Be3 Rxb3 39.Re1 f5 40.Bf3 Nd3 41.Bd1 
f4 0-1

[Event "Poznan Pocztowiec-ch op-A"]
[Site "Poznan"]
[Date "1999.??.??"]
[Round "1"]
[White "Sobczak, Miroslaw"]
[Black "Owczarzak, Jerzy"]
[Result "1/2-1/2"]
[WhiteElo "2058"]
[BlackElo "2194"]
[EventDate "1999.??.??"]
[PlyCount "65"]

1.d4 Nf6 2.Bf4 g6 3.e3 Bg7 4.Bd3 O-O 5.h4 d6 6.h5 Nxh5 7.Rxh5 gxh5 8.Qxh5 
f5 9.Nf3 Qe8 10.Qh2 Nc6 11.Nc3 e5 12.dxe5 Nxe5 13.O-O-O Nxf3 14.gxf3 Bxc3 
15.bxc3 Rf6 16.Rh1 Qf7 17.Bg5 Rg6 18.f4 Rg7 19.Bh6 Rg6 20.Bg5 d5 21.f3 Re6
22.e4 fxe4 23.fxe4 Rxe4 24.Bxe4 dxe4 25.Qf2 Bf5 26.Rg1 Bg6 27.Qc5 b6 28.
Qc6 Re8 29.a4 e3 30.Bh6 Rd8 31.Kb2 e2 32.f5 Qxf5 33.Qxc7 1/2-1/2

[Event "Poznan Pocztowiec-ch op-A"]
[Site "Poznan"]
[Date "1999.??.??"]
[Round "1"]
[White "Staniszewski, Pawel"]
[Black "Stempin, Pawel"]
[Result "0-1"]
[WhiteElo "2100"]
[BlackElo "2392"]
[EventDate "1999.??.??"]
[PlyCount "87"]

1.d4 e6 2.Nf3 d5 3.c4 c6 4.Nc3 dxc4 5.a4 Bb4 6.e3 b5 7.Ne5 Nf6 8.Qf3 Qd5 
9.Be2 Qxf3 10.Bxf3 Nd5 11.Bxd5 exd5 12.axb5 cxb5 13.O-O Bxc3 14.bxc3 f6 
15.Nf3 Nc6 16.Nd2 a5 17.e4 Be6 18.Re1 Kf7 19.f4 g6 20.g4 Rhd8 21.f5 Bc8 
22.Rb1 gxf5 23.Rxb5 fxe4 24.h3 a4 25.Ba3 h5 26.gxh5 Bxh3 27.Kf2 Rd7 28.Rh1
Bf5 29.h6 Bh7 30.Rb6 Nd8 31.Nf1 Ne6 32.Ne3 Rg8 33.Rb5 Rg5 34.Rhb1 Kg6 35.
Bc1 Nf4 36.Bd2 Kxh6 37.Ra5 Kg7 38.Rxa4 f5 39.Rb5 Nh3+ 40.Ke2 f4 41.Nxc4 
Rg2+ 42.Ke1 dxc4 43.Rh5 Rg1+ 44.Ke2 0-1

[Event "Poznan Pocztowiec-ch op-A"]
[Site "Poznan"]
[Date "1999.??.??"]
[Round "1"]
[White "Tomczak, Rafal"]
[Black "Staniszewski, Pawel"]
[Result "1-0"]
[WhiteElo "2170"]
[BlackElo "2100"]
[EventDate "1999.??.??"]
[PlyCount "49"]

1.e4 d5 2.exd5 Qxd5 3.Nc3 Qa5 4.d4 Nf6 5.Nf3 Bf5 6.Ne5 Nbd7 7.Nc4 Qa6 8.
Bf4 Qe6+ 9.Be2 Ne4 10.Nb5 O-O-O 11.Bxc7 a6 12.Bxd8 axb5 13.Ne3 Kxd8 14.O-O
Nd6 15.a4 Qg6 16.axb5 e6 17.c4 h5 18.c5 Ne4 19.c6 bxc6 20.bxc6 Nb8 21.c7+ 
Kxc7 22.Ra7+ Kd8 23.Qb3 Bd6 24.Qb6+ Ke8 25.Bb5+ 1-0

[Event "Poznan Pocztowiec-ch op-A"]
[Site "Poznan"]
[Date "1999.??.??"]
[Round "2"]
[White "Kujawski, Jan"]
[Black "Meczynski, Waldemar"]
[Result "1-0"]
[WhiteElo "2168"]
[BlackElo "2223"]
[EventDate "1999.??.??"]
[PlyCount "87"]

1.e4 c5 2.Nf3 e6 3.d4 cxd4 4.Nxd4 Nf6 5.Bd3 Nc6 6.Nxc6 bxc6 7.O-O d5 8.e5 
Nd7 9.Qe2 Nc5 10.Nd2 Nxd3 11.Qxd3 Be7 12.Nf3 a5 13.Re1 c5 14.c3 Ba6 15.Qc2
O-O 16.b3 a4 17.Be3 h6 18.Rab1 axb3 19.axb3 Qc7 20.Qd2 Rfb8 21.h3 Bf8 22.
Nh2 Bc8 23.Ng4 h5 24.Nh2 Ra3 25.Rec1 g6 26.b4 Kh7 27.Nf3 cxb4 28.cxb4 Qb7 
29.b5 Ra4 30.b6 Qa6 31.Rc7 Kg8 32.Bd4 Rc4 33.Rc1 Qb5 34.R1xc4 dxc4 35.Qf4 
Qb1+ 36.Kh2 Qf5 37.Qxf5 gxf5 38.Ng5 Bb7 39.Nxf7 Bd5 40.Nd6 Bxd6 41.exd6 
Kf8 42.Kg3 Rb7 43.d7 Ke7 44.Bf6+ 1-0

[Event "Poznan Pocztowiec-ch op-A"]
[Site "Poznan"]
[Date "1999.??.??"]
[Round "2"]
[White "Owczarzak, Jerzy"]
[Black "Konopka, Tomasz"]
[Result "1-0"]
[WhiteElo "2295"]
[BlackElo "2000"]
[EventDate "1999.??.??"]
[PlyCount "33"]

1.e4 c5 2.Nf3 d6 3.Bb5+ Nd7 4.c3 Nf6 5.Qe2 a6 6.Ba4 b5 7.Bc2 Qc7 8.O-O e5 
9.a4 Rb8 10.Na3 Qc6 11.d4 Be7 12.d5 Qb7 13.axb5 axb5 14.b4 c4 15.Be3 O-O 
16.Nxc4 Ra8 17.Na5 1-0

[Event "Poznan Pocztowiec-ch op-A"]
[Site "Poznan"]
[Date "1999.??.??"]
[Round "2"]
[White "Stempin, Pawel"]
[Black "Tomczak, Rafal"]
[Result "1/2-1/2"]
[WhiteElo "2392"]
[BlackElo "2173"]
[EventDate "1999.??.??"]
[PlyCount "55"]

1.d4 d5 2.Nf3 Nf6 3.c4 dxc4 4.e3 e6 5.Bxc4 c5 6.O-O a6 7.Qe2 b5 8.Bd3 Bb7 
9.dxc5 Bxc5 10.Bxb5+ Nbd7 11.Ba4 O-O 12.Nc3 Qc7 13.e4 Nb6 14.Bc2 Rac8 15.
Bd3 a5 16.Bg5 Nfd7 17.Rac1 Qb8 18.Rc2 Ne5 19.Nxe5 Qxe5 20.Be3 Rfd8 21.Bxc5
Rxc5 22.Rd1 h6 23.Rcd2 Rcc8 24.h3 Qg5 25.Bb5 Rxd2 26.Qxd2 Qh5 27.Qd4 Rxc3 
28.bxc3 1/2-1/2

[Event "Poznan Pocztowiec-ch op-A"]
[Site "Poznan"]
[Date "1999.??.??"]
[Round "3"]
[White "Chojnacki, Krzysztof"]
[Black "Kujawski, Jan"]
[Result "1-0"]
[WhiteElo "2156"]
[BlackElo "2168"]
[EventDate "1999.??.??"]
[PlyCount "59"]

1.e4 d6 2.d4 Nf6 3.Nc3 g6 4.g3 Bg7 5.Bg2 O-O 6.Nge2 e5 7.h3 Nc6 8.Be3 exd4
9.Nxd4 Nxd4 10.Bxd4 a6 11.O-O Bd7 12.Qd2 Bc6 13.Rfe1 Re8 14.Rad1 Nd7 15.
Bxg7 Kxg7 16.f4 Nf8 17.e5 Bxg2 18.Qxg2 c6 19.Qf2 Qc8 20.Rxd6 Qxh3 21.Ne4 
Red8 22.Red1 Rxd6 23.Nxd6 h5 24.f5 g5 25.Rd3 Rd8 26.e6 fxe6 27.fxe6 Nxe6 
28.Qf7+ Kh8 29.Qf6+ Kh7 30.Nf5 1-0

[Event "Poznan Pocztowiec-ch op-A"]
[Site "Poznan"]
[Date "1999.??.??"]
[Round "3"]
[White "Kolendo, Filip"]
[Black "Owczarzak, Jerzy"]
[Result "0-1"]
[WhiteElo "2185"]
[BlackElo "2194"]
[EventDate "1999.??.??"]
[PlyCount "74"]

1.d4 Nf6 2.c4 g6 3.Nc3 d5 4.cxd5 Nxd5 5.e4 Nxc3 6.bxc3 Bg7 7.Nf3 c5 8.Rb1 
O-O 9.Be2 Qa5 10.Qd2 a6 11.Rb3 b5 12.dxc5 Nd7 13.Ba3 Qc7 14.Qe3 Bb7 15.c4 
Rfc8 16.cxb5 axb5 17.O-O Nxc5 18.Rc1 Nxb3 19.Rxc7 Rxc7 20.Qb6 Rc2 21.Bxe7 
Bxe4 22.axb3 Rxe2 23.h4 Bxf3 24.gxf3 Rxe7 25.Qxb5 h5 26.f4 Rae8 27.Kg2 Bh6
28.f5 Kh7 29.fxg6+ fxg6 30.Qc6 Rf8 31.b4 Ref7 32.b5 Rxf2+ 33.Kg1 Be3 34.
Kh1 Rf1+ 35.Kh2 R8f2+ 36.Kh3 Rf3+ 37.Kh2 R1f2+ 0-1

[Event "Poznan Pocztowiec-ch op-A"]
[Site "Poznan"]
[Date "1999.??.??"]
[Round "3"]
[White "Meczynski, Waldemar"]
[Black "Nowak, Rafal"]
[Result "1-0"]
[WhiteElo "2223"]
[BlackElo "2095"]
[EventDate "1999.??.??"]
[PlyCount "42"]

1.e4 c5 2.b4 cxb4 3.Bb2 d5 4.exd5 Qxd5 5.d4 Bf5 6.c4 Qe4+ 7.Be2 Qxg2 8.Bf3
Qg6 9.Nd2 Nd7 10.Bxb7 Rb8 11.Bf3 e5 12.Ne2 Bd3 13.Qa4 Bxe2 14.Bxe2 exd4 
15.Bxd4 Bd6 16.O-O-O Nf6 17.Rhg1 Qh6 18.Bg4 Rd8 19.Rde1+ Be7 20.Rxe7+ Kxe7
21.Qxb4+ Nc5 1-0

[Event "Poznan Pocztowiec-ch op-A"]
[Site "Poznan"]
[Date "1999.??.??"]
[Round "3"]
[White "Tomczak, Rafal"]
[Black "Kolendo, Mateusz"]
[Result "0-1"]
[WhiteElo "2173"]
[BlackElo "2183"]
[EventDate "1999.??.??"]
[PlyCount "92"]

1.e4 e6 2.d4 d5 3.Nc3 dxe4 4.Nxe4 Nd7 5.Nf3 Ngf6 6.Nxf6+ gxf6 7.g3 b6 8.
Bg2 Bb7 9.O-O Bd6 10.Re1 c6 11.Nh4 Be7 12.Bf4 Nf8 13.c3 Ng6 14.Nxg6 hxg6 
15.Qe2 Qd7 16.a4 a5 17.Rad1 Kf8 18.c4 Kg7 19.Bd2 Bb4 20.Bxb4 axb4 21.b3 
Ra5 22.Bf3 Rf5 23.Bg4 Ra5 24.Qd2 Rg5 25.Qf4 Ra5 26.Bf3 Rf5 27.Qe4 Ba8 28.
c5 Qa7 29.Rc1 bxc5 30.dxc5 Rxc5 31.Qxb4 Rf5 32.Qc3 Rxh2 33.Qe3 c5 34.Bxa8 
Qxa8 35.f3 Qh8 36.f4 Qh3 37.Qf3 Rxf4 38.gxf4 Qxf3 39.Kxh2 Qxf4+ 40.Kh1 
Qf3+ 41.Kg1 g5 42.a5 g4 43.Ra1 Qg3+ 44.Kh1 Qf3+ 45.Kg1 g3 46.Rf1 Qe2 0-1

[Event "Poznan Pocztowiec-ch op-A"]
[Site "Poznan"]
[Date "1999.??.??"]
[Round "3"]
[White "Wojtowicz, Adam"]
[Black "Stempin, Pawel"]
[Result "0-1"]
[WhiteElo "2123"]
[BlackElo "2392"]
[EventDate "1999.??.??"]
[PlyCount "84"]

1.e4 e5 2.Nf3 Nc6 3.Bb5 a6 4.Bxc6 dxc6 5.O-O f6 6.d4 Bg4 7.c3 Bd6 8.Nbd2 
Qe7 9.Qc2 O-O-O 10.b4 Nh6 11.a4 Nf7 12.Rb1 Bd7 13.Nc4 Rde8 14.d5 cxd5 15.
exd5 g6 16.Qb3 Bf5 17.Ra1 Bd3 18.Re1 e4 19.Nd4 Bxc4 20.Qxc4 Ne5 21.Qb3 f5 
22.a5 Qh4 23.h3 Nd3 24.Rf1 f4 25.f3 e3 26.Qc2 Nf2 27.Ne6 c6 28.c4 Qg3 29.
Rxf2 exf2+ 30.Kf1 Qh2 31.Kxf2 cxd5 32.cxd5+ Kb8 33.b5 Rxe6 34.dxe6 Rc8 35.
Qd3 Bc5+ 36.Ke1 Qg1+ 37.Ke2 Qxg2+ 38.Kd1 Qg1+ 39.Ke2 Qf2+ 40.Kd1 Be3 41.
bxa6 Qxf3+ 42.Qe2 Rd8+ 0-1

[Event "Poznan Pocztowiec-ch op-A"]
[Site "Poznan"]
[Date "1999.??.??"]
[Round "4"]
[White "Fojudzki, Marcin"]
[Black "Meczynski, Waldemar"]
[Result "1/2-1/2"]
[WhiteElo "2128"]
[BlackElo "2223"]
[EventDate "1999.??.??"]
[PlyCount "64"]

1.e4 c5 2.Nf3 e6 3.d4 cxd4 4.Nxd4 Nf6 5.Nc3 Nc6 6.Ndb5 d6 7.Bf4 e5 8.Bg5 
a6 9.Na3 b5 10.Bxf6 gxf6 11.Nd5 Bg7 12.c3 O-O 13.Bd3 Ne7 14.Nxe7+ Qxe7 15.
Nc2 f5 16.Qh5 d5 17.exf5 e4 18.Be2 b4 19.Ne3 Bb7 20.Rc1 bxc3 21.bxc3 Rac8 
22.O-O Rxc3 23.f6 Qxf6 24.Nxd5 Bxd5 25.Qxd5 Ra3 26.Rc6 Qd4 27.Qxd4 Bxd4 
28.Rxa6 Rxa6 29.Bxa6 Rb8 30.Re1 Rb2 31.Rxe4 Bxf2+ 32.Kf1 Bb6 1/2-1/2

[Event "Poznan Pocztowiec-ch op-A"]
[Site "Poznan"]
[Date "1999.??.??"]
[Round "4"]
[White "Nowak, Rafal"]
[Black "Kolendo, Filip"]
[Result "0-1"]
[WhiteElo "2095"]
[BlackElo "2185"]
[EventDate "1999.??.??"]
[PlyCount "66"]

1.d4 Nf6 2.Bg5 Ne4 3.h4 c5 4.dxc5 Qa5+ 5.Nd2 Nxg5 6.hxg5 Qxc5 7.g6 fxg6 8.
e3 Nc6 9.Ngf3 e6 10.Bd3 Nb4 11.Bxg6+ hxg6 12.Rxh8 Nxc2+ 13.Kf1 Nxa1 14.
Qxa1 b6 15.b4 Qxb4 16.Kg1 Bb7 17.Qxg7 O-O-O 18.Qf6 g5 19.Nf1 Be7 20.Rxd8+ 
Bxd8 21.Qg7 Qg4 22.Qc3+ Bc6 23.N1h2 Qe4 24.Nf1 Bc7 25.N1d2 Qa4 26.Nd4 Be5 
27.f3 Qxa2 28.Nc4 Qb1+ 29.Kf2 Qa2+ 30.Kg1 Bg3 31.Nd2 Be1 32.Nxc6 Qxd2 33.
Nxa7+ Kb7 0-1

[Event "Poznan Pocztowiec-ch op-A"]
[Site "Poznan"]
[Date "1999.??.??"]
[Round "4"]
[White "Owczarzak, Jerzy"]
[Black "Kolendo, Mateusz"]
[Result "1/2-1/2"]
[WhiteElo "2194"]
[BlackElo "2183"]
[EventDate "1999.??.??"]
[PlyCount "44"]

1.e4 e6 2.d4 d5 3.Nc3 Bb4 4.e5 c5 5.a3 Bxc3+ 6.bxc3 Nc6 7.Qg4 g6 8.Nf3 Qa5
9.Bd2 Qa4 10.Bd3 Bd7 11.Qf4 c4 12.Ng5 Nd8 13.Be2 h6 14.Nf3 Qxc2 15.O-O g5 
16.Qg4 Qh7 17.h4 Ba4 18.Bd1 Bxd1 19.Raxd1 Nc6 20.Qh5 Qg7 21.Qg4 Qh7 22.Qh5
Qg7 1/2-1/2

[Event "Poznan Pocztowiec-ch op-A"]
[Site "Poznan"]
[Date "1999.??.??"]
[Round "4"]
[White "Stempin, Pawel"]
[Black "Chojnacki, Krzysztof"]
[Result "1-0"]
[WhiteElo "2392"]
[BlackElo "2156"]
[EventDate "1999.??.??"]
[PlyCount "117"]

1.d4 Nf6 2.Nf3 g6 3.c4 Bg7 4.g3 O-O 5.Bg2 d5 6.cxd5 Nxd5 7.O-O Nb6 8.Nc3 
Nc6 9.e3 Bg4 10.h3 Bxf3 11.Qxf3 e6 12.Rd1 Qe7 13.Qe2 Rfd8 14.b3 Nd5 15.Bb2
Rab8 16.Rac1 Qe8 17.Na4 Nde7 18.a3 b5 19.Nc5 Rb6 20.Rc2 a5 21.Rdc1 b4 22.
a4 e5 23.dxe5 Nxe5 24.Nb7 Nd3 25.Rd1 Rxb7 26.Rxd3 Ra7 27.Bxg7 Kxg7 28.Qd2 
Rxd3 29.Qxd3 Qb8 30.Qd4+ Kg8 31.Qf6 Nf5 32.Bd5 Qe8 33.Rd2 Nd6 34.e4 Qd7 
35.e5 Ne8 36.Qc6 Qe7 37.Bc4 Kg7 38.Bxf7 Nd6 39.Qc5 Ra8 40.Bc4 Re8 41.Rd5 
Nxc4 42.Qxc4 Qf7 43.Qd3 Qe6 44.Rxa5 Qxh3 45.Rc5 Re7 46.Qc4 Qf5 47.Rxc7 
Qxe5 48.Rxe7+ Qxe7 49.a5 Kf8 50.a6 h5 51.Qc8+ Kf7 52.Qb7 h4 53.Qxe7+ Kxe7 
54.a7 hxg3 55.fxg3 Kf6 56.a8=Q Kg5 57.Kg2 Kg4 58.Qf8 g5 59.Qf3# 1-0

[Event "Poznan Pocztowiec-ch op-A"]
[Site "Poznan"]
[Date "1999.??.??"]
[Round "5"]
[White "Chojnacki, Krzysztof"]
[Black "Owczarzak, Jerzy"]
[Result "0-1"]
[WhiteElo "2156"]
[BlackElo "2194"]
[EventDate "1999.??.??"]
[PlyCount "60"]

1.e4 e5 2.Nf3 Nc6 3.Bb5 a6 4.Ba4 Nf6 5.O-O b5 6.Bb3 Bb7 7.Re1 Bc5 8.c3 d6 
9.d4 Bb6 10.a4 O-O 11.Bg5 h6 12.Bh4 g5 13.axb5 axb5 14.Rxa8 Bxa8 15.Bxg5 
hxg5 16.Nxg5 exd4 17.Qf3 Ne5 18.Qg3 Nfg4 19.Qh4 Kg7 20.Bxf7 Qxg5 21.Qxg5+ 
Kxf7 22.Rf1 Ke8 23.Qh5+ Kd7 24.Qh3 Kc6 25.cxd4 Bxd4 26.Rc1+ Kb6 27.Qh7 Rf7
28.Qg8 Nxf2 29.Qxa8 Nd1+ 30.Kh1 Rf1# 0-1

[Event "Poznan Pocztowiec-ch op-A"]
[Site "Poznan"]
[Date "1999.??.??"]
[Round "5"]
[White "Kolendo, Mateusz"]
[Black "Stempin, Pawel"]
[Result "1/2-1/2"]
[WhiteElo "2183"]
[BlackElo "2392"]
[EventDate "1999.??.??"]
[PlyCount "30"]

1.e4 e5 2.Nf3 Nc6 3.Bc4 Nf6 4.d3 Be7 5.O-O O-O 6.c3 d5 7.exd5 Nxd5 8.d4 
exd4 9.Nxd4 Nxd4 10.Qxd4 Be6 11.Nd2 c6 12.Ne4 Nc7 13.Bxe6 Nxe6 14.Qc4 Qd7 
15.Be3 Rfd8 1/2-1/2

[Event "Poznan Pocztowiec-ch op-A"]
[Site "Poznan"]
[Date "1999.??.??"]
[Round "6"]
[White "Kolendo, Mateusz"]
[Black "Kaszowski, Dariusz"]
[Result "0-1"]
[WhiteElo "2183"]
[BlackElo "2297"]
[EventDate "1999.??.??"]
[PlyCount "66"]

1.e4 c5 2.Nc3 Nc6 3.f4 g6 4.Nf3 Bg7 5.Bb5 Nd4 6.O-O Nxb5 7.Nxb5 d5 8.d3 a6
9.Nc3 d4 10.Ne2 Nh6 11.Qe1 f5 12.Ng3 O-O 13.h3 e6 14.e5 b6 15.b4 Bb7 16.
bxc5 bxc5 17.Ba3 Qc7 18.Ng5 Nf7 19.Nxf7 Rxf7 20.c3 Qc6 21.Rf2 Bh6 22.Ne2 
g5 23.cxd4 gxf4 24.Kh2 Rg7 25.g3 fxg3+ 26.Nxg3 Bf4 27.Qg1 Bxg3+ 28.Qxg3 
Rxg3 29.Kxg3 Kf7 30.Bxc5 Rg8+ 31.Kf4 Rg2 32.Raf1 Rxf2+ 33.Rxf2 Qh1 0-1

[Event "Poznan Pocztowiec-ch op-B"]
[Site "Poznan"]
[Date "1999.??.??"]
[Round "1"]
[White "Krupa, Bartlomiej"]
[Black "Zajecki, Maurycy"]
[Result "0-1"]
[WhiteElo "1800"]
[BlackElo "1800"]
[EventDate "1999.??.??"]
[PlyCount "140"]

1.e4 e5 2.Nf3 Nc6 3.d4 exd4 4.Nxd4 Nf6 5.Nxc6 bxc6 6.Bd3 d5 7.e5 Ng4 8.O-O
Bc5 9.h3 Nxf2 10.Rxf2 Qh4 11.Qf3 Bxf2+ 12.Qxf2 Qxf2+ 13.Kxf2 O-O 14.Nc3 f6
15.exf6 Rxf6+ 16.Kg1 Bf5 17.Bxf5 Rxf5 18.Be3 Rd8 19.Rd1 a5 20.Bc5 Re8 21.
Rf1 Rfe5 22.Bd4 Re1 23.Kf2 R1e6 24.Rd1 Rf8+ 25.Kg1 Rfe8 26.Bf2 Rf8 27.Bg3 
Rb8 28.b3 Re3 29.Rd3 Rxd3 30.cxd3 Rb7 31.Kf2 d4 32.Ne4 a4 33.Nc5 axb3 34.
Nxb3 Ra7 35.Nxd4 Rxa2+ 36.Kf3 Rd2 37.Bxc7 Rxd3+ 38.Ke4 Rc3 39.Ne2 Rc2 40.
Kd3 Ra2 41.g3 Kf7 42.Nc3 Ra7 43.Bf4 Ke6 44.Kc4 Ra5 45.Kb4 Rf5 46.Ne2 Kd5 
47.Kc3 Ke4 48.Kc4 h6 49.Nc3+ Kf3 50.Bc7 Rg5 51.g4 Kg2 52.Ne4 Rg6 53.Bd8 
Kxh3 54.g5 h5 55.Kd4 Kg4 56.Ke5 h4 57.Nf2+ Kf3 58.Kf5 Rd6 59.Bb6 Rd5+ 60.
Kg6 c5 61.Nh3 Kg3 62.Ng1 Kg2 63.Kh5 h3 64.Nxh3 Kxh3 65.Kg6 Rd6+ 66.Kxg7 
Rxb6 67.g6 c4 68.Kf7 Rxg6 69.Kxg6 c3 70.Kf5 c2 0-1

[Event "Poznan Pocztowiec-ch op-B"]
[Site "Poznan"]
[Date "1999.??.??"]
[Round "1"]
[White "Opolski, Wojciech"]
[Black "Kaszowski, Dariusz"]
[Result "0-1"]
[WhiteElo "2000"]
[BlackElo "2295"]
[EventDate "1999.??.??"]
[PlyCount "82"]

1.e4 c5 2.c3 d5 3.exd5 Qxd5 4.d4 Nf6 5.Nf3 e6 6.c4 Qe4+ 7.Be2 cxd4 8.Qxd4 
Nc6 9.Qxe4 Nxe4 10.a3 Bc5 11.O-O Nd4 12.Bd1 a5 13.Be3 Nxf3+ 14.gxf3 Bxe3 
15.fxe3 Nc5 16.Nc3 Bd7 17.Bc2 a4 18.Rad1 Ke7 19.Kf2 Rhc8 20.Rg1 g6 21.Rg4 
Ra6 22.Rgd4 Rb6 23.Rb1 Be8 24.e4 Nb3 25.Bxb3 Rxb3 26.e5 Rc5 27.f4 Bc6 28.
Kg3 h6 29.h3 Kf8 30.h4 Kg7 31.Kf2 Kf8 32.Ke2 g5 33.hxg5 hxg5 34.Ke3 gxf4+ 
35.Kxf4 f6 36.Re1 Rxb2 37.exf6 Rf5+ 38.Kg4 Rg2+ 39.Kh3 Rg6 40.Nb5 Rh5+ 41.
Rh4 Bg2+ 0-1

[Event "Poznan Pocztowiec-ch op-B"]
[Site "Poznan"]
[Date "1999.??.??"]
[Round "2"]
[White "Bartkowiak, Damian"]
[Black "Macherzynski, Rafal"]
[Result "1-0"]
[WhiteElo "1800"]
[BlackElo "1800"]
[EventDate "1999.??.??"]
[PlyCount "45"]

1.d4 d5 2.Nf3 Nf6 3.c4 dxc4 4.e3 e6 5.Bxc4 Bb4+ 6.Nc3 O-O 7.O-O Bd7 8.Qe2 
Qe7 9.e4 h6 10.Rd1 Bxc3 11.bxc3 a6 12.a4 Rd8 13.a5 Qe8 14.Bf4 Rc8 15.Ne5 
Nc6 16.Rdb1 Rab8 17.Nd3 g5 18.Bg3 Na7 19.Be5 Qe7 20.f4 Nc6 21.fxg5 Nxe5 
22.gxf6 Qxf6 23.Nxe5 1-0

[Event "Poznan Pocztowiec-ch op-B"]
[Site "Poznan"]
[Date "1999.??.??"]
[Round "2"]
[White "Fojudzki, Marcin"]
[Black "Bartkowiak, Damian"]
[Result "1-0"]
[WhiteElo "2128"]
[BlackElo "2000"]
[EventDate "1999.??.??"]
[PlyCount "57"]

1.e4 d5 2.exd5 Qxd5 3.Nc3 Qa5 4.d4 Nf6 5.Nf3 Bg4 6.h3 Bh5 7.g4 Bg6 8.Ne5 
e6 9.Bg2 c6 10.h4 Be4 11.Bxe4 Nxe4 12.Qf3 Nd6 13.Bd2 f6 14.Nd3 Nd7 15.
O-O-O O-O-O 16.Kb1 Nc4 17.Ne4 Qd5 18.Nf4 Qxd4 19.Bc3 Qb6 20.Nxe6 Ba3 21.
Bd4 Nc5 22.b3 Rxd4 23.Rxd4 Nxe6 24.Rxc4 Re8 25.Rd1 Qc7 26.Ra4 Bf8 27.Rxa7 
Kb8 28.Ra4 Qe5 29.Qe3 1-0